000
00306pam a2200133 a 4500
020
_c
041
_a
eng
082
_a
423.914
_b
VIR
100
_a
Virkar , K. B.
245
_a
The Little Modern Dictonary
_h
Textual Documents
260
_a
[s.l]:
_b
Subhodh Prakashan
300
_a
1179p.
930
_a
18066
999
_c
94966
_d
94966